Saṃskr̥ta vyākaraṇa. (Record no. 71124)

MARC details
000 -LEADER
fixed length control field 00625cam a22002411 4500
001 - CONTROL NUMBER
control field sa 66007356
003 - CONTROL NUMBER IDENTIFIER
control field DLC
005 - DATE AND TIME OF LATEST TRANSACTION
control field 20260227112304.0
008 - FIXED-LENGTH DATA ELEMENTS--GENERAL INFORMATION
fixed length control field 891120s1966 ii 000 0 hino
010 ## - LIBRARY OF CONGRESS CONTROL NUMBER
LC control number sa 66007356
035 ## - SYSTEM CONTROL NUMBER
System control number (OCoLC)20678664
040 ## - CATALOGING SOURCE
Original cataloging agency DLC
Transcribing agency WaU
Modifying agency DLC
041 0# - LANGUAGE CODE
Language code of text/sound track or separate title hinsan
042 ## - AUTHENTICATION CODE
Authentication code premarc
050 00 - LIBRARY OF CONGRESS CALL NUMBER
Classification number PK666
Item number .U6
100 1# - MAIN ENTRY--PERSONAL NAME
Personal name Upadhyay, Ramji,
Dates associated with a name 1920-
245 10 - TITLE STATEMENT
Title Saṃskr̥ta vyākaraṇa.
260 ## - PUBLICATION, DISTRIBUTION, ETC.
Date of publication, distribution, etc. [1966]
300 ## - PHYSICAL DESCRIPTION
Extent 10, 349 p.
Dimensions 22 cm.
500 ## - GENERAL NOTE
General note Hindi or Sanskrit.
650 #0 - SUBJECT ADDED ENTRY--TOPICAL TERM
Topical term or geographic name entry element Sanskrit language
General subdivision Grammar.
650 #0 - SUBJECT ADDED ENTRY--TOPICAL TERM
Topical term or geographic name entry element Sanskrit language
General subdivision Composition and exercises.

No items available.

Powered by Koha